000 00227nam a2200097Ia 4500
008 230915s9999 xx 000 0 und d
050 _aHA29.S73
100 _aRICHARD I. LEVIN
245 0 _aSTATISTICS FOR MANAGEMENT
942 _cBK
999 _c72788
_d72788